000 nam a22 7a 4500
999 _c7433
_d7433
008 170830b xxu||||| |||| 00| 0 eng d
020 _a9798189093043
100 _aKumar Vijaya
_93958
245 _aBrain Ticklers in english
260 _aNew Delhi
_bLotus Press
_c2011